000 00268nam a2200109 4500
008 160622b xxu||||| |||| 00| 0 eng d
100 _9485
_aKipling, R
245 _aThe Jungle Book
260 _aOrient longman Bombay
_c1968
300 _aThe Jungle Book
942 _2ddc
_cBK
999 _c403
_d403